000 00704nam a22001817a 4500
003 OSt
005 20251223120040.0
008 251223b |||||||| |||| 00| 0 eng d
020 _a9798718003864
040 _cN
082 _a530.1 P73 2021
100 _aPratt, Carl J.
245 _aQuantum Physics for Beginners: From Wave Theory to Quantum Computing. Understanding How Everything Works by a Simplified Explanation of Quantum Physics and Mechanics Principles /
_cCarl J. Pratt
260 _bUnited States, Independently Published, . 2021
300 _a127 P. 24 CM.
650 _aQuantum physics | Quantum mechanics | Wave theory | Quantum computing | Physics for beginners
942 _2ddc
_cBK-EN
_n0
999 _c8446
_d8446